000 00335nam a2200145Ia 4500
005 20250423100740.0
008 250422s9999 xx 000 0 und d
020 _a0782112412
245 0 _aQuick access guide to netware 4.01 networks
260 _aUSA
260 _bNovell press
260 _c1993
300 _a177 p
942 _cBK
999 _c34229
_d34229